Solar Module Packaging (Record no. 31176)
[ view plain ]
| 000 -LEADER | |
|---|---|
| fixed length control field | 00450nam a2200133Ia 4500 |
| 008 - FIXED-LENGTH DATA ELEMENTS--GENERAL INFORMATION | |
| fixed length control field | 220620s9999||||xx |||||||||||||| ||und|| |
| 100 ## - MAIN ENTRY--PERSONAL NAME | |
| Personal name | Poliskie, Michelle |
| 245 #0 - TITLE STATEMENT | |
| Title | Solar Module Packaging |
| Remainder of title | Polymeric Requirements and Selection |
| 546 ## - LANGUAGE NOTE | |
| Language note | English[eng] |
| 650 ## - SUBJECT ADDED ENTRY--TOPICAL TERM | |
| Topical term or geographic name entry element | Packaging||Polymeric||Requirements||Solar |
| 700 ## - ADDED ENTRY--PERSONAL NAME | |
| Personal name | Shatkin, Allison |
| 856 ## - ELECTRONIC LOCATION AND ACCESS | |
| Uniform Resource Identifier | <a href="https://library.oapen.org/bitstream/20.500.12657/40118/1/9781439850725.pdf">https://library.oapen.org/bitstream/20.500.12657/40118/1/9781439850725.pdf</a> |
| 942 ## - ADDED ENTRY ELEMENTS (KOHA) | |
| Koha item type | E-Books |
| Withdrawn status | Lost status | Damaged status | Not for loan | Home library | Current library | Date acquired | Total Checkouts | Date last seen | Price effective from | Koha item type |
|---|---|---|---|---|---|---|---|---|---|---|
| Kerala University of Digital Sciences, Innovation and Technology Knowledge Centre | Kerala University of Digital Sciences, Innovation and Technology Knowledge Centre | 20/06/2022 | 20/06/2022 | 20/06/2022 | E-Books |